| 000 | 00785pam a22002534a 4500 | ||
|---|---|---|---|
| 999 |
_c2395 _d2395 |
||
| 001 | 51336321 | ||
| 003 | OCoLC | ||
| 005 | 20181012122000.0 | ||
| 008 | 021220r20031991miua 000 0 eng | ||
| 010 | _a2002043877 | ||
| 020 | _a0801064570 (pbk. : alk. paper) | ||
| 040 |
_aDLC _cDLC |
||
| 042 | _apcc | ||
| 082 |
_a262.1 _bM367U |
||
| 092 |
_a262.1 _bM369U |
||
| 100 | 1 |
_aMarshall, Tom, _dd. 1993 |
|
| 245 | 1 | 0 |
_aUnderstanding leadership / _cTom Marshall |
| 260 |
_aGrand Rapids, Mich. : _bBaker Books, _cc2003 |
||
| 260 |
_aEngland : _bSovereing World Ltd., _cc1991. |
||
| 300 |
_a220 p. : _bill. ; _c22 cm |
||
| 500 | _aOriginal edition published by Sovereign World Limited of Tonbridge Kent, England | ||
| 650 | 0 |
_aLeadership _xReligious aspects _xChristianity |
|
| 942 |
_2ddc _cBK |
||